Normal view
MARC view
Entry Personal Name
001 - CONTROL NUMBER
- control field: 52633
003 - CONTROL NUMBER IDENTIFIER
- control field: ARRUPE
005 - DATE AND TIME OF LATEST TRANSACTION
- control field: 20240410114351.0
008 - FIXED-LENGTH DATA ELEMENTS
- fixed length control field: 240410|| aca||aabn | a|a d
040 ## - CATALOGING SOURCE
- Original cataloging agency: ARRUPE
- Transcribing agency: ARRUPE
100 ## - HEADING--PERSONAL NAME
- Personal name: Luebe.Kurt R
670 ## - SOURCE DATA FOUND
- Source citation: Work cat.: (ARRUPE)131859: Luebe.Kurt R, The essence of F.R.I.E.D.M.A.N,, 1987.